|
|
|
|
| LEADER |
01397nam a2200337 a 4500 |
| 001 |
17658 |
| 003 |
BD-DhAAL |
| 005 |
20140506102055.0 |
| 008 |
140505s1997 inu b 001 0 eng d |
| 010 |
|
|
|a 96053416
|
| 020 |
|
|
|a 0253332788 (cloth : alk. paper)
|
| 020 |
|
|
|a 0253211182 (pbk. : alk. paper)
|
| 040 |
|
|
|a DLC
|c DLC
|d DLC
|d BD-DhAAL
|
| 050 |
0 |
0 |
|a HQ1190
|b .F442 1997
|
| 082 |
0 |
0 |
|a 305.42/01
|2 21
|
| 245 |
0 |
0 |
|a Feminism meets queer theory /
|c edited by Elizabeth Weed and Naomi Schor.
|
| 260 |
|
|
|a Bloomington, Ind. :
|b Indiana University Press,
|c 1997.
|
| 300 |
|
|
|a xiii, 341 p. ;
|c 24 cm.
|
| 440 |
|
0 |
|a Books from differences
|9 4374
|
| 500 |
|
|
|a This collection originally appeared in v. 6, summer-fall 1994 of 'Differences: a journal of feminist cultural studies'.
|
| 504 |
|
|
|a Includes bibliographical references and index.
|
| 541 |
|
|
|e 17658
|
| 650 |
|
0 |
|a Feminist theory.
|9 4246
|
| 650 |
|
0 |
|a Homosexuality
|x Philosophy.
|9 4375
|
| 650 |
|
0 |
|a Gays
|x Identity.
|9 4376
|
| 650 |
|
0 |
|a Queer theory.
|9 4377
|
| 700 |
1 |
|
|a Weed, Elizabeth,
|d 1940-
|9 4378
|
| 700 |
1 |
|
|a Schor, Naomi.
|9 4379
|
| 942 |
|
|
|2 ddc
|c BK
|
| 999 |
|
|
|c 14316
|d 14316
|
| 952 |
|
|
|0 0
|1 0
|2 ddc
|4 1
|6 305_420100000000000_FEM
|7 0
|9 24274
|a ENH
|b ENH
|c GEN
|d 2014-05-06
|l 0
|o 305.4201 FEM
|p 3010017658
|r 2014-05-06
|t 1
|w 2014-05-06
|y BK
|x Departmental-issued damaged books were found in the ENH department for the reason of termites eaten in 2016
|